000 01302nam a2200277Ia 4500
003 CO-BoRNBP
005 20230901143859.0
008 161213s2016 ck a g 000 0 spa
020 _a9789586654050
040 _aCO-BoRNBP
_bspa
_erda
_cCO-BoRNBP
082 0 4 _a303.609861 G683g
_222
245 0 _aGotas que agrietan la roca
_bcrónicas, entrevistas y diálogos sobre territorios, acceso a la justicia y derechos fundamentales
_cprólogo de José Saramago ; dirección de Héctor Arenas Amorocho y Antonio Girón Serrano
250 _aEdición especial
264 _aBogotá
_bSiglo del Hombre
_c2016
300 _a365 páginas
_bfotografías en blanco y negro
_c24 cm
_d1 DVD
336 _atexto
_btxt
_2rdacontent
337 _asin mediación
_bn
_2rdamedia
338 _avolumen
_bnc
_2rdacarrier
490 _aPlan Nacional de Lectura y Escritura Leer es mi Cuento. 2016
500 _aIncluye DVD con film Gotas que agrietan la roca. Mejor Documental Festival Internacional Cine y Derechos Humanos Bogotá 2013
650 1 4 _2LEMB
_aConflicto armado
_xAspectos sociales
_zColombia
_94361
650 1 4 _2LEMB
_aViolencia
_xAspectos sociales
_zColombia
_924352
650 1 4 _2LEMB
_aConflictos sociales
_xAspectos sociales
_zColombia
_985610
700 1 _aArenas Amorocho, Héctor
_985611
942 _2ddc
_cBK
999 _c3184
_d3184